[Event "SVK-ch U2300"]
[Site "Liptovsky Jan"]
[Date "2024.06.17"]
[Round "5"]
[White "Viglasky, Viliam"]
[Black "Kluska, Lukas"]
[Result "0-1"]
[WhiteElo "1109"]
[BlackElo "1589"]
[PlyCount "46"]
[EventDate "2024.06.15"]
[EventType "swiss"]
[EventRounds "8"]
[EventCountry "SVK"]
[SourceTitle "CBM 220 Extra"]
[Source "ChessBase"]
[SourceDate "2024.07.31"]
[SourceVersion "1"]
[SourceVersionDate "2024.07.31"]
[SourceQuality "1"]

1. e4 c5 2. Nf3 a6 3. d4 cxd4 4. Nxd4 e5 5. Nf3 Nf6 6. Bg5 Be7 7. Nc3 Nc6 8. Bc4 0-0 9. Qd3 b5 10. Bd5 Nxd5 11. exd5 Nb4 12. Qe4 f5 13. Qxe5 Bxg5 14. 0-0 d6 15. Qd4 Nxc2 16. Qd3 Nxa1 17. Rxa1 Qf6 18. Re1 Bd7 19. g3 Rae8 20. Rd1 f4 21. h4 fxg3 22. Nxg5 Qxf2+ 23. Kh1 Qh2# 0-1

[Event "SVK-ch U2300"]
[Site "Liptovsky Jan"]
[Date "2024.06.15"]
[Round "1"]
[White "Holicky, Miroslav"]
[Black "Viglasky, Viliam"]
[Result "1-0"]
[WhiteElo "1862"]
[BlackElo "1109"]
[PlyCount "52"]
[EventDate "2024.06.15"]
[EventType "swiss"]
[EventRounds "8"]
[EventCountry "SVK"]
[SourceTitle "CBM 220 Extra"]
[Source "ChessBase"]
[SourceDate "2024.07.31"]
[SourceVersion "1"]
[SourceVersionDate "2024.07.31"]
[SourceQuality "1"]

1. d4 d5 2. Nf3 Nc6 3. e3 Bf5 4. Be2 Nb4 5. Na3 e6 6. Bd2 Nc6 7. c4 Bxa3 8. bxa3 Qd6 9. Qb3 Nf6 10. Nh4 Bg4 11. f3 Bh5 12. g4 Bg6 13. c5 Qd7 14. Nxg6 hxg6 15. 0-0-0 0-0-0 16. g5 Nh5 17. Bc3 f6 18. Bd3 e5 19. Bxg6 exd4 20. Bxd4 Na5 21. Qc3 Nc4 22. Bd3 Ne5 23. Bxe5 fxe5 24. c6 bxc6 25. Ba6+ Kb8 26. Qb4+ Ka8 1-0

[Event "SVK-ch U2300"]
[Site "Liptovsky Jan"]
[Date "2024.06.15"]
[Round "2"]
[White "Viglasky, Viliam"]
[Black "Kopecny, Adam"]
[Result "0-1"]
[WhiteElo "1109"]
[BlackElo "1704"]
[PlyCount "36"]
[EventDate "2024.06.15"]
[EventType "swiss"]
[EventRounds "8"]
[EventCountry "SVK"]
[SourceTitle "CBM 220 Extra"]
[Source "ChessBase"]
[SourceDate "2024.07.31"]
[SourceVersion "1"]
[SourceVersionDate "2024.07.31"]
[SourceQuality "1"]

1. e4 c5 2. d4 cxd4 3. Qxd4 Nc6 4. Qc4 e6 5. Nf3 d6 6. Nc3 Nf6 7. Bg5 Bd7 8. Qb5 Nd4 9. Qxb7 Nxc2+ 10. Kd1 Nxa1 11. e5 dxe5 12. Nxe5 Bc6+ 13. Qd7+ Bxd7 14. Kc1 Rc8 15. Ba6 Rxc3+ 16. bxc3 Ba3+ 17. Kd1 Bb5+ 18. Ke1 Nc2# 0-1